000 00655cam a2200193 a 4500
001 000002811
005 20200929150249.0
008 771205s1976 ec 001 0 spa
040 _aDO-SdBNP
_cDLC
_dDLC
082 _aEc868.4
_bT689n
100 1 _aTorre Reyes, Carlos de la.
_98884
245 1 0 _aNuevas crónicas de Parsifal. /
_cCarlos de la Torre Reyes ; prólogo, Galo Rene Pérez.
260 _aQuito :
_bCasa de la Cultura Ecuatoriana,
_c1976.
300 _a355 p. ;
_c21 cm.
650 4 _aCrónicas ecuatorianas
_98885
650 4 _aLiteratura ecuatoriana
_93938
700 1 _aPérez, Galo Rene
_eprol.
_98886
910 _aCatalogación por copia / LC
999 _c2645
_d2645